North America Map Quiz - Statistics

General Stats
  • This quiz has been taken 13 times
  • The average score is 21 of 23
Answers on the Map
Answers color-coded by a green-red scale on the quiz's map according to % correct below.
 
Answer Stats
Countries % Correct
Canada
100%
Honduras
100%
Mexico
100%
United States
100%
Bahamas
91%
Belize
91%
Costa Rica
91%
Cuba
91%
Dominican Republic
91%
El Salvador
91%
Haiti
91%
Jamaica
91%
Nicaragua
91%
Panama
91%
Saint Kitts And Nevis
91%
Saint Vincent and the Grenadines
91%
Trinidad and Tobago
91%
Antigua And Barbuda
82%
Barbados
82%
Dominica
82%
Grenada
82%
Guatemala
82%
Saint Lucia
73%
No matching quizzes found
Score Distribution
Percent of People with Each Score
Percentile by Number Answered
Your Score History
You have not taken this quiz